Statistics for People with M initials #2

Click here to take the quiz!

General Stats

  • This quiz has been taken 34 times
  • The average score is 10 of 22

Answer Stats

Initials Clue Person % Correct
MABeheaded French QueenMarie Antoinette
96%
MTThe Iron LadyMargaret Thatcher
92%
MOFormer First LadyMichelle Obama
88%
MJNumber 23 from the Chicago Bulls...Michael Jordan
80%
ML"How you doin' ?"Matt LeBlanc
68%
MYCo-fouder of ACDC and guitar playerMalcolm Young
64%
MSA 7 time Formula One World Drivers' ChampionMichael Schumacher
60%
MG"FREEDOOOOOM !!!"Mel Gibson
60%
MCOwner of the Dallas MavericksMark Cuban
56%
MNGerman goalkeeper and World Champion in 2014Manuel Neuer
48%
MRHe becomes Hulk when angryMark Ruffalo
44%
MHFormer singer of INXSMichael Hutchence
44%
MEFemale rapper, "Hot Boyz", "All n my Grill", "She's a Bitch"Missy Elliott
44%
MWArya StarkMaisie Williams
32%
MFYoung MagnetoMichael Fassbender
32%
MBItalian actress who starred in "The Matrix Reloaded"Monica Bellucci
24%
MD"My name is John Coffey, like the drink, except not spelled the same"Michael Clarke Duncan
20%
MMBest Actor for "Dallas Buyers Club" in 2014Matthew McConaughey
20%
MKVictoria's Secret Angel from AustraliaMiranda Kerr
16%
MPWriter of the "Book of the Marvels of the World"Marco Polo
8%
MIActor best known for playing villains and "tough guy" heroesMichael Ironside
8%
MZShe dances in Sia's music videoMaddie Ziegler
8%

Score Distribution

Percentile by Number Answered

Percent of People with Each Score

Your Score History

You have not taken this quiz